000 00736nam a2200229Ia 4500
001 9940
003 GE_BSU
008 181216s||||||||xx |||||||||||||| ||und||
040 _cGE_BSU
080 _a821.353.1-32
100 _aნინოშვილი,ეგნატე
245 _aპალიასტომის ტბა
245 _bმოთხრობა
245 _cკონსტანტინე ლორთქიფანიძის რედაქციით
260 _aთბილისი.
260 _bნაკადული.
260 _c1970.
300 _a26გვ;16სმ.
653 _aმოთხრობა
653 _aპალიასტომის ტბა
942 _cBK
999 _c43215
_d43215